DIO LI FA POI LI ACCOPPIA (Record n. 105303)

Dettagli MARC
000 -LEADER
fixed length control field 02512agaaa2200325 4500
001 - CONTROL NUMBER
control field 0470
003 - CONTROL NUMBER IDENTIFIER
control field IT-RoPAU
005 - DATE AND TIME OF LATEST TRANSACTION
control field 20220918181231.0
007 - PHYSICAL DESCRIPTION FIXED FIELD--GENERAL INFORMATION
fixed length control field d cvaizq
008 - FIXED-LENGTH DATA ELEMENTS--GENERAL INFORMATION
fixed length control field 50131s9999||||xx ||| | || ||und||
040 ## - CATALOGING SOURCE
Original cataloging agency IT-RoPAU
Transcribing agency IT-RoPAU
041 ## - LANGUAGE CODE
Language code of text/sound track or separate title ITALIANO
100 ## - MAIN ENTRY--PERSONAL NAME
Personal name Vanzina Stefano (=Steno)
Miscellaneous information Codice regista SPICS: 14505
9 (RLIN) 40644
130 ## - MAIN ENTRY--UNIFORM TITLE
Uniform title DIO LI FA POI LI ACCOPPIA
9 (RLIN) 40645
245 ## - TITLE STATEMENT
Title DIO LI FA POI LI ACCOPPIA
Statement of responsibility, etc. Prodotto da: Angeletti Pio De Mic -- Sceneggiatura: Vanzina Enrico Zapponi Bernardino -- Diretto da: Vanzina Stefano (=Steno)
Name of part/section of a work DIO LI FA POI LI ACCOPPIA (Rif. Codice opera principale : K0470)
250 ## - EDITION STATEMENT
Edition statement Edizione Standard
260 ## - PUBLICATION, DISTRIBUTION, ETC. (IMPRINT)
Place of publication, distribution, etc. (ITALIA)
Name of publisher, distributor, etc. N.d. / Distribuzione: MONDADORI
Date of manufacture "1982 (1° ed.: 2010 ; Ed. Lingua Orig.: 1982)"
300 ## - PHYSICAL DESCRIPTION
Extent DVD
Other physical details sonoro, col.
Dimensions 95 minuti
508 ## - CREATION/PRODUCTION CREDITS NOTE
Creation/production credits note "Fotografia: D'Eva Sandro ; Montaggio: Crociani Raimondo ; Musica: Ferrio Gianni; Sceneggiatura: Vanzina Enrico Zapponi Bernardino ; Soggetto: Vanzina Enrico -- Zapponi Bernardino"
511 ## - PARTICIPANT OR PERFORMER NOTE
Participant or performer note "Dorelli Johnny; Banfi Lino; Suma Marina; Calandra Giuliana; Caracciolo Francesco; "
520 ## - SUMMARY, ETC.
Summary, etc. "DON CELESTE, PRETE DI UN PAESE DELL'ITALIA CENTRALE, VIENE VIOLENTATO DA UNA RAGAZZA TRAVESTITA DA DIAVOLO IN OCCASIONE DEL CARNEVALE. LA RAGAZZA RIMANE INCINTA E PER EVITARE L'ABORTO, DON CELESTE DIVENTERA' UN PARROCO-PAPA', MENTRE LEI INCONTRERA' UN BRAVO RAGAZZO. UNA GRANDE INDAGINE CINEMATOGRAFICA SUI TESTI SACRI CHE SONO ALLA BASE DELLA FEDE CRISTIANA. UNA PRODUZIONE IN 5 PUNTATE DI 40 MINUTI CIASCUNA. IL VANGELO QUADRIFORME E' UNA INTRODUZIONE STORICO-TEOLOGICA ALL'INTERO COMPLESSO DEI VANGELI CANONICI E APOCRIFI E INDAGA L'ORIGINE DEL RACCONTO DEI FATTI ATTORNO ALLA FIGURA DI GESU' IN UN PRIMO MOMENTO TRASMESSI ORALMENTE, POI DIVENTATI PAROLA SCRITTA. GLI ALTRI 4 DOCUMENTARI SONO DEDICATI OGNUNO ALL'APPROFONDIMENTO DI UN VANGELO CANONICO. DISCO 1: VANGELO QUADRIFORME; VANGELO DI MARCO; VANGELO DI MATTEO. DISCO 2: VANGELO DI LUCA; VANGELO DI GIOVANNI; EXTRA, GALLERIA FOTOGRAFICA. "
538 ## - SYSTEM DETAILS NOTE
System details note PAL, STEREO
546 ## - LANGUAGE NOTE
Language note ITALIANO
650 ## - SUBJECT ADDED ENTRY--TOPICAL TERM
Topical term or geographic name as entry element COMMEDIA
Relator term DVD-FILM [DVD]
General subdivision Codice MATERIA SPICS: 9947
9 (RLIN) 36668
700 ## - ADDED ENTRY--PERSONAL NAME
Personal name Ferrio Gianni
Relator term (musica)
Miscellaneous information Codice Musica SPICS: 38648
9 (RLIN) 40646
700 ## - ADDED ENTRY--PERSONAL NAME
Personal name Vanzina Enrico
Relator term (soggetto)
Miscellaneous information Codice Soggetto SPICS: 60186
9 (RLIN) 40647
700 ## - ADDED ENTRY--PERSONAL NAME
Personal name Vanzina Stefano (=Steno)
Relator term (regista)
Miscellaneous information Codice regista SPICS: 14505
9 (RLIN) 40648
700 ## - ADDED ENTRY--PERSONAL NAME
Personal name Zapponi Bernardino
Relator term (soggetto)
Miscellaneous information Codice Soggetto 2° SPICS: 3374
9 (RLIN) 40649
942 ## - ADDED ENTRY ELEMENTS (KOHA)
Koha item type DVD
Source of classification or shelving scheme Dewey Decimal Classification
Dati di copia
Withdrawn status Lost status Damaged status Not for loan Home library Current library Date acquired Total Checkouts Full call number Date last seen Price effective from Koha item type Public note
    Buone Condizioni Not For Loan SPICS-MEDIATECA SPICS-MEDIATECA 31/01/2015   K0470 31/01/2015 31/01/2015 DVD Progr. Ins.: 3950 / N.Vol.:1 / Copie: 1 / Pag.:0 / Copia rara: n.d. / date import: 1.2.2015 / By Epidotti, Trombetti, Vaglietti
CREDITS: SOCIETA' SAN PAOLO Via A.Severo, 58 - ROMA (RM) & PERIODICI SAN PAOLO SRL Via Giotto, 36 MILANO & CISF Via Giotto, 36 MILANO & EDIZIONI SAN PAOLO SRL,  Piazza Soncino, 5 CINISELLO BALSAMO (MI) -- ITALY